Basic Words - E - Statistics

General Stats
  • This quiz has been taken 54 times
  • The average score is 9 of 10
Answer Stats
Hint Answer % Correct
The big blue planet we all live in Earth
100%
Largest land mammal Elephant
100%
America's national bird Eagle
98%
Common bird's product and breakfast Egg
98%
Santa's little workers Elf
93%
Ostrich, but from Australia Emu
93%
Purple vegetable, emoji used for a questionable purpose... Eggplant
89%
Machine that goes vertically up and down Elevator
80%
Machine that goes diagonally up and down Escalator
70%
118 seen in the periodic table Element
54%
No matching quizzes found
Score Distribution
Percent of People with Each Score
Percentile by Number Answered
Your Score History
You have not taken this quiz